000 00446nam a2200181Ia 4500
005 20240419151626.0
008 131103s9999 xx 000 0 und d
040 _aLoreto College
041 _aEnglish
082 _a370.15
_bMAU
100 _aMaurus, J.
245 _aCoping with Depression
_cJ.Maurus
260 _a[s.l.]
_bBetter Yourself Books
_c[19?]
300 _a135p.
650 _aMental hygiene
850 _aLCBED
942 _cBK
999 _c27478
_d77957